| 000 | 00689nam a22002537a 4500 | ||
|---|---|---|---|
| 003 | OSt | ||
| 005 | 20150911075210.0 | ||
| 008 | 130209t xxu||||| |||| 00| 0 eng d | ||
| 020 | _a9715843778 | ||
| 050 |
_aRT 81.5 _b.V472 2004 |
||
| 100 | _aVenzon, Lydia M. | ||
| 245 |
_aIntroduction to nursing research : _cLydia M. Venzon. _bquest for quality nursing / |
||
| 260 |
_aQuezon City : _bC & E Pub., _c2004. |
||
| 300 |
_a187 pages : _c21.6 cm. |
||
| 500 | _aIncludes bibliographical references, glossary and index. | ||
| 562 | _e6 | ||
| 942 |
_2lcc _cBK _kLOC |
||
| 999 |
_c18160 _d18160 |
||